Every team from F1 and INDYCAR - Statistics

General Stats
  • This quiz has been taken 47 times
    6 since last reset
  • The average score is 15 of 21
Answer Stats
Series Team % Correct
IndyCar Arrow Mclaren
100%
F1 Mclaren
100%
F1 Mercedes
100%
F1 Red Bull
100%
F1 Alpine
83%
F1 Aston Martin
83%
F1 Ferrari
83%
F1 Haas
83%
F1 RB
83%
F1 Sauber
83%
F1 Williams
83%
IndyCar A.J. Foyt
67%
IndyCar Andretti Global
67%
IndyCar Prema
67%
IndyCar RLL
67%
IndyCar Chip Ganassi
50%
IndyCar Juncos Hollinger
50%
IndyCar Penske
50%
IndyCar Dayle Coyne
33%
IndyCar ECR
33%
IndyCar MSR
33%
No matching quizzes found
Score Distribution
Percent of People with Each Score
Percentile by Number Answered
Your Score History
You have not taken this quiz since the last reset